BIBLIOTHÈQUE DE LA MAISON DU MEXIQUE

Logo 1 Logo 2

Todo empezó el domingo (notice nᵒ 6470)

détails MARC
000 -Sello discográfico
campo de control de longitud fija 00903nam a2200289 4500
005 - Identificación de versión
campo de control 20251016082709.0
099 ## - fechas locales
Tipo de ítem Koha LIBRO
100 ## - Datos de procesamiento general
Datos de procesamiento general 20230531d1963 m y1spay5003 ba
105 ## - Campo de datos codificados: Material textual, monográfico
Datos codificados de monografía a 001zy
200 1# - Título y mención de responsabilidad
Título propio Todo empezó el domingo
Designación general del material texto impreso
Primer mención de responsabilidad Elena Poniatowska, Alberto Beltrán
205 ## - Declaración de edición
Declaración de edición 1a ed
210 ## - Publicación, distribución, etc.
Lugar de publicación, distribución, etc. México
Nombre del editor, distribuidor, etc. Fondo de Cultura Económica
Fecha de publicación, distribución, etc. 1963
215 ## - Descripción física
Designación de material específico y extensión del ítem 260 p
Otras características físicas il.
Dimensiones 28 cm
345 ## - Nota de información de adquisición
Fuente de adquisición/dirección de la suscripción [OBSOLETO] Donación
607 ## - Nombre geográfico utilizado como tema
Elemento de entrada Ciudad de México
Subdivisión temática Descripción
Número Koha 1225
607 ## - Nombre geográfico utilizado como tema
Elemento de entrada Ciudad de México
Subdivisión temática Vida social y costumbres
Número Koha 327
660 ## - Código de área geográfica
Código MX
700 ## - Nombre personal - Responsabilidad primaria
Elemento de entrada Poniatowska
Parte del nombre distinta del elemento de entrada Elena
Fechas 1932-
Número Koha 541
701 ## - Nombre personal - Responsabilidad alternativa
Elemento de entrada Beltrán García
Parte del nombre distinta del elemento de entrada Alberto
Fechas 1923-2002
Número Koha 3377
801 #0 - Fuente de origen
País FR
Agencia cm
Reglas de catalogación (convenciones descriptivas) AFNOR
900 ## -
-- 1/22044
900 ## -
-- 7100417642\080104
942 ## - ELEMENTOS DE ENTRADA SECUNDARIOS (KOHA)
Tipo de ítem Koha Livre
996 ## -
-- MEX
-- 751145101
-- MMAG
-- 007957
-- 917.52 P757T
-- 20230531LIV
Exemplaires
Estatus retirado Estado de daño Estado de pérdida Fecha de adquisición Biblioteca de origen Biblioteca actual Ubicación en estantería Código de barras Precio de reemplazo Signatura topográfica completa No para préstamo Tipo de ítem Koha Nota pública Nota no pública
      05/08/2025 Casa México Paris Casa México Paris   007957 05/08/2025 917.52 P757T   Livre 20230531LIV 751145101